| 000 | 00503nam a2200181Ia 4500 | ||
|---|---|---|---|
| 008 | 240925s9999 xx 000 0 und d | ||
| 020 | _a9781451652178 | ||
| 082 | _a174.4 COV | ||
| 100 | _aCovey, Stephen R. | ||
| 245 | 0 | _aSmart Trust: the defining skill that transforms managers into leaders | |
| 250 | _aNA | ||
| 260 |
_aNew York: _bFree Press _c,2012. |
||
| 300 |
_a142p. _bNA _fOriginal |
||
| 500 | _aIncludes Index | ||
| 600 | _aHumanities & Natural Science | ||
| 650 | _aEthics | ||
| 942 | _cBK | ||
| 999 |
_c17227 _d17227 |
||